Research for development of animal traction in West Africa : (Record no. 7958)
[ view plain ]
| 000 -LEADER | |
|---|---|
| fixed length control field | 01826nam a2200373 4500 |
| 001 - CONTROL NUMBER | |
| control field | 000 |
| 005 - DATE AND TIME OF LATEST TRANSACTION | |
| control field | 20150519143945.0 |
| 007 - PHYSICAL DESCRIPTION FIXED FIELD--GENERAL INFORMATION | |
| fixed length control field | 000 |
| 008 - FIXED-LENGTH DATA ELEMENTS--GENERAL INFORMATION | |
| fixed length control field | 000 |
| 010 ## - LIBRARY OF CONGRESS CONTROL NUMBER | |
| LC control number | 94980164 |
| 020 ## - INTERNATIONAL STANDARD BOOK NUMBER | |
| International Standard Book Number | 9290532769 |
| 040 ## - CATALOGING SOURCE | |
| Original cataloging agency | UOEL |
| Transcribing agency | DLC |
| 041 0# - LANGUAGE CODE | |
| Language code of text/sound track or separate title | engfre |
| Language code of summary or abstract/overprinted title or subtitle | engfre |
| 042 ## - AUTHENTICATION CODE | |
| Authentication code | lcode |
| 043 ## - GEOGRAPHIC AREA CODE | |
| Geographic area code | fw----- |
| 050 00 - LIBRARY OF CONGRESS CALL NUMBER | |
| Classification number | SF180 |
| Item number | .W47 1990 |
| 082 00 - DEWEY DECIMAL CLASSIFICATION NUMBER | |
| Classification number | 636.088/2/0966 |
| Edition number | 20 |
| 110 2# - MAIN ENTRY--CORPORATE NAME | |
| Corporate name or jurisdiction name as entry element | West Africa Animal Traction Network. |
| Subordinate unit | Workshop |
| Number of part/section/meeting | (4th : |
| Date of meeting or treaty signing | 1990 : |
| Location of meeting | Kano, Nigeria) |
| 245 10 - TITLE STATEMENT | |
| Title | Research for development of animal traction in West Africa : |
| Remainder of title | proceedings of the Fourth Workshop of the West Africa Animal Traction Network, Kano, Nigeria, 9-13 July 1990 / |
| Statement of responsibility, etc | editors, P.R Lawrence ... [et al.] = Recherche pour le développement de la traction animale en Afrique de l'Ouest : actes du quatrième Atelier régional du Réseau ouest-africain sur la traction animale, organisé à Kano (Nigéria) du 9 au 13 juillet, 1990 / publiés sous la direction de P.R. Lawrence ...[et al.]. |
| 260 ## - PUBLICATION, DISTRIBUTION, ETC. (IMPRINT) | |
| Place of publication, distribution, etc | Addis Ababa, Ethiopia : |
| Name of publisher, distributor, etc | International Livestock Centre for Africa, |
| Date of publication, distribution, etc | c1994. |
| 300 ## - PHYSICAL DESCRIPTION | |
| Extent | xvi, 306 p. : |
| Other physical details | ill. ; |
| Dimensions | 30 cm. |
| 500 ## - GENERAL NOTE | |
| General note | In English, with some French; abstracts in English and French. |
| 504 ## - BIBLIOGRAPHY, ETC. NOTE | |
| Bibliography, etc | Includes bibliographical references. |
| 650 #0 - SUBJECT ADDED ENTRY--TOPICAL TERM | |
| Topical term or geographic name as entry element | Animal traction |
| Geographic subdivision | Africa, West |
| General subdivision | Congresses. |
| Topical term or geographic name as entry element | Draft animals |
| Geographic subdivision | Africa, West |
| General subdivision | Congresses. |
| Topical term or geographic name as entry element | Animal traction |
| General subdivision | Research |
| Geographic subdivision | Africa, West |
| General subdivision | Congresses. |
| Topical term or geographic name as entry element | Draft animals |
| General subdivision | Research |
| Geographic subdivision | Africa, West |
| General subdivision | Congresses. |
| 700 1# - ADDED ENTRY--PERSONAL NAME | |
| Personal name | Lawrence, P. R., 1945- |
| 710 2# - ADDED ENTRY--CORPORATE NAME | |
| Corporate name or jurisdiction name as entry element | West Africa Animal Traction Network. |
| Corporate name or jurisdiction name as entry element | International Livestock Centre for Africa. |
| 906 ## - LOCAL DATA ELEMENT F, LDF (RLIN) | |
| a | 7 |
| b | cbc |
| c | origode |
| d | 3 |
| e | ncip |
| f | 19 |
| g | y-gencatlg |
| 942 ## - ADDED ENTRY ELEMENTS (KOHA) | |
| Source of classification or shelving scheme | Library of Congress Classification |
| Item type | Loan - Normal on open shelf |
| Withdrawn status | Lost status | Source of classification or shelving scheme | Damaged status | Not for loan | Home library | Current library | Shelving location | Date acquired | Total Checkouts | Full call number | Barcode | Date last seen | Copy number | Price effective from | Koha item type |
|---|---|---|---|---|---|---|---|---|---|---|---|---|---|---|---|
| Library of Congress Classification | UOE Main Library | UOE Main Library | Open shelf | 19/05/2015 | SF180 .W47 1990 | 10048296 | 27/04/2026 | 10048296 | 19/05/2015 | Loan - Normal on open shelf |
